|
|
|
|
| LEADER |
01446nam a2200277 u 4500 |
| 001 |
10100112 |
| 003 |
upatras |
| 005 |
20210117210217.0 |
| 008 |
130128s2014 gr gre |
| 020 |
|
|
|a 9789609571517
|
| 040 |
|
|
|a GR-PaULI
|c GR-PaULI
|b gre
|
| 082 |
0 |
4 |
|a 331.12
|
| 100 |
|
|
|a Βεληζιώτης, Μιχάλης
|9 157363
|e συγγραφέας
|
| 245 |
1 |
0 |
|a Θεσμοί, ευελιξία και συγκριτική επίδοση των αγορών εργασίας /
|b
|c Μιχάλης Βεληζιώτης [και] Αλίκη Κύρου
|
| 260 |
|
|
|a Αθήνα
|b Ινστιτούτο Εργασίας ΓΣΕΕ
|c 2014
|
| 300 |
|
|
|a 85 σ. :
|c 24 εκ.
|
| 490 |
0 |
|
|a Μελέτες (Studies) / Ινστιτούτο Εργασίας ΓΣΕΕ
|v 27
|
| 504 |
|
|
|a Περιλαμβάνει βιβλιογραφία
|
| 650 |
|
0 |
|a Αγορά εργασίας
|9 16749
|z Ελλάδα
|
| 700 |
|
|
|a Κύρου, Αλίκη,
|9 157364
|e συγγραφέας
|d 1980-
|
| 760 |
0 |
|
|a Επιστημονικές εκθέσεις (Reports)
|g 4
|
| 830 |
|
|
|a Μελέτες (Ινστιτούτο Εργασίας ΓΣΕΕ)
|v 27
|9 157356
|
| 942 |
|
|
|2 ddc
|c BK15
|
| 952 |
|
|
|0 0
|1 0
|2 ddc
|4 0
|6 331_120000000000000_ΒΕΛ
|7 0
|9 206132
|a LISP
|b LISP
|c BSC
|d 2016-10-06
|i 135254
|l 0
|o 331.12 ΒΕΛ
|p 025000253135
|r 2016-10-06 00:00:00
|t 1
|v 2016.00
|w 2016-10-06
|y BK15
|
| 998 |
|
|
|c ΜΠΟΥΡΑΣ
|d 2016-10
|
| 999 |
|
|
|c 125356
|d 125356
|